Introducción a la física estadística / (Record no. 6676)

MARC details
000 -LEADER
campo de control de longitud fija 00627nam a22001937a 4500
003 - IDENTIFICADOR DE NÚMERO DE CONTROL
campo de control MX-LbUP
005 - FECHA Y HORA DE LA ÚLTIMA TRANSACCIÓN
campo de control 20241028081610.0
008 - DATOS DE LONGITUD FIJA--INFORMACIÓN GENERAL
campo de control de longitud fija 230411b mx |||||||||| 00| | spa d
020 ## - NÚMERO INTERNACIONAL ESTÁNDAR DEL LIBRO
Número Internacional Estándar del Libro 970640273X
040 ## - FUENTE DE CATALOGACIÓN
Centro catalogador/agencia de origen MX6ZV
Lengua de catalogación spa
Centro/agencia transcriptor MX6ZV
Centro/agencia modificador UNAMX
-- MX-LbUP
050 #4 - SIGNATURA TOPOGRÁFICA DE LA BIBLIOTECA DEL CONGRESO
Número de clasificación QC174.8
Número de ítem G38 2005
100 1# - ENTRADA PRINCIPAL--NOMBRE DE PERSONA
Nombre de persona García-Colín Scherer, Leopoldo
9 (RLIN) 12436
Término indicativo de función/relación autor
245 00 - MENCIÓN DEL TÍTULO
Título Introducción a la física estadística /
Mención de responsabilidad, etc. Leopoldo García-Colín Scherer
260 #1 - PUBLICACIÓN, DISTRIBUCIÓN, ETC.
Lugar de publicación, distribución, etc. México, D.F. :
Nombre del editor, distribuidor, etc. El Colegio Nacional,
Fecha de publicación, distribución, etc. 2005
300 ## - DESCRIPCIÓN FÍSICA
Extensión xii, 655 páginas :
Otras características físicas ilustraciones ;
Dimensiones 21 cm.
650 #0 - PUNTO DE ACCESO ADICIONAL DE MATERIA--TÉRMINO DE MATERIA
Término de materia o nombre geográfico como elemento de entrada Física
9 (RLIN) 40
650 #0 - PUNTO DE ACCESO ADICIONAL DE MATERIA--TÉRMINO DE MATERIA
Término de materia o nombre geográfico como elemento de entrada Estadística
9 (RLIN) 918
942 ## - ELEMENTOS DE ENTRADA SECUNDARIOS (KOHA)
Fuente del sistema de clasificación o colocación Clasificación de Library of Congress
Tipo de ítem Koha Libro
Holdings
Estatus retirado Estado de pérdida Fuente del sistema de clasificación o colocación Estado de daño No para préstamo Biblioteca de origen Biblioteca actual Fecha de adquisición Número de inventario Total de préstamos Signatura topográfica completa Código de barras Visto por última vez Copia número Precio de reemplazo Tipo de ítem Koha
    Clasificación de Library of Congress     Tuxtepec Tuxtepec 11/08/2023 TX002359   QC174.8 G38 2005 TX002359 11/08/2023 Ej. 1 11/08/2023 Libro
  
Av. Ferrocarril s/n, CD. Universitaria, Loma Bonita, Oax., México C.P. 68400
Circuito Central #200, colonia Parque Industrial, Tuxtepec, Oax., México C.P. 68301